00366nam a2200157Ia 4500003000400000005001700004008004100021040000700062041000800069082001900077100002400096245003900120260003100159365000800190440001000198OSt20230524193102.0210423s1987 xx 000 0 und d cAL aeng a370 223bGREI aGREEN (Michael),Ed. aInternational review of education. bSumana Halli Societyc1987 cINR v33, 1